<?xml version="1.0" encoding="UTF-8"?>
<record
    xmlns:xsi="http://www.w3.org/2001/XMLSchema-instance"
    xsi:schemaLocation="http://www.loc.gov/MARC21/slim http://www.loc.gov/standards/marcxml/schema/MARC21slim.xsd"
    xmlns="http://www.loc.gov/MARC21/slim">

  <leader>02213cam a22004338i 4500</leader>
  <controlfield tag="001">20638320</controlfield>
  <controlfield tag="005">20250821161006.0</controlfield>
  <controlfield tag="008">180817s2019    nju      b    001 0 eng  </controlfield>
  <datafield tag="010" ind1=" " ind2=" ">
    <subfield code="a">  2018039798</subfield>
  </datafield>
  <datafield tag="020" ind1=" " ind2=" ">
    <subfield code="a">9781119235927</subfield>
    <subfield code="q">hardcover</subfield>
  </datafield>
  <datafield tag="035" ind1=" " ind2=" ">
    <subfield code="a">20638320</subfield>
  </datafield>
  <datafield tag="035" ind1=" " ind2=" ">
    <subfield code="a">(DNLM)101732507</subfield>
  </datafield>
  <datafield tag="040" ind1=" " ind2=" ">
    <subfield code="a">DNLM/DLC</subfield>
    <subfield code="e">rda</subfield>
    <subfield code="c">DLC</subfield>
  </datafield>
  <datafield tag="042" ind1=" " ind2=" ">
    <subfield code="a">pcc</subfield>
  </datafield>
  <datafield tag="050" ind1="0" ind2="0">
    <subfield code="a">RM216</subfield>
  </datafield>
  <datafield tag="060" ind1="1" ind2="0">
    <subfield code="a">WB 400</subfield>
  </datafield>
  <datafield tag="082" ind1="0" ind2="0">
    <subfield code="a">615.854</subfield>
    <subfield code="b">MAN</subfield>
  </datafield>
  <datafield tag="245" ind1="0" ind2="0">
    <subfield code="a">Manual of dietetic practice /</subfield>
    <subfield code="c">edited by Joan Gandy in conjunction with the British Dietetic Association.</subfield>
  </datafield>
  <datafield tag="250" ind1=" " ind2=" ">
    <subfield code="a">Sixth edition.</subfield>
  </datafield>
  <datafield tag="263" ind1=" " ind2=" ">
    <subfield code="a">1905</subfield>
  </datafield>
  <datafield tag="264" ind1=" " ind2="1">
    <subfield code="a">Hoboken, NJ :</subfield>
    <subfield code="b">John Wiley &amp; Sons, Inc. :</subfield>
    <subfield code="b">The British Dietetic Association,</subfield>
    <subfield code="c">2019</subfield>
  </datafield>
  <datafield tag="300" ind1=" " ind2=" ">
    <subfield code="a">xv, 1014 p. ;</subfield>
  </datafield>
  <datafield tag="336" ind1=" " ind2=" ">
    <subfield code="a">text</subfield>
    <subfield code="2">rdacontent</subfield>
  </datafield>
  <datafield tag="337" ind1=" " ind2=" ">
    <subfield code="a">unmediated</subfield>
    <subfield code="2">rdamedia</subfield>
  </datafield>
  <datafield tag="338" ind1=" " ind2=" ">
    <subfield code="a">volume</subfield>
    <subfield code="2">rdacarrier</subfield>
  </datafield>
  <datafield tag="504" ind1=" " ind2=" ">
    <subfield code="a">Includes bibliographical references and index.</subfield>
  </datafield>
  <datafield tag="520" ind1=" " ind2=" ">
    <subfield code="a">Manual of Dietetic Practice (6th Edition, ISBN 9781119235927) is the authoritative guide for dietetic students and experienced practitioners alike, fully endorsed by the British Dietetic Association. Thoroughly revised and updated in 2019, this comprehensive resource spans the entire dietetic curriculum&#x2014;covering the latest scientific developments, nutrition surveillance data, evidence-based practice guidelines, insights into Public Health England&#x2019;s influence, public health intervention strategies, and a companion website with learning aids&#x2014;making it an indispensable reference for healthcare professionals and educators.</subfield>
  </datafield>
  <datafield tag="546" ind1=" " ind2=" ">
    <subfield code="a">In English</subfield>
  </datafield>
  <datafield tag="590" ind1=" " ind2=" ">
    <subfield code="a">NBL010825</subfield>
  </datafield>
  <datafield tag="650" ind1="1" ind2="2">
    <subfield code="a">Diet Therapy</subfield>
    <subfield code="9">129997</subfield>
  </datafield>
  <datafield tag="650" ind1="1" ind2="2">
    <subfield code="a">Dietetics</subfield>
    <subfield code="9">98429</subfield>
  </datafield>
  <datafield tag="650" ind1="2" ind2="2">
    <subfield code="a">Nutritional Physiological Phenomena</subfield>
    <subfield code="9">18278</subfield>
  </datafield>
  <datafield tag="700" ind1="1" ind2=" ">
    <subfield code="a">Gandy, Joan,</subfield>
    <subfield code="e">editor.</subfield>
    <subfield code="9">130397</subfield>
  </datafield>
  <datafield tag="710" ind1="2" ind2=" ">
    <subfield code="a">British Dietetic Association,</subfield>
    <subfield code="e">issuing body.</subfield>
    <subfield code="9">130398</subfield>
  </datafield>
  <datafield tag="776" ind1="0" ind2="8">
    <subfield code="i">Online version:</subfield>
    <subfield code="t">Manual of dietetic practice</subfield>
    <subfield code="b">Sixth edition.</subfield>
    <subfield code="d">Hoboken, NJ : John Wiley &amp; Sons, Inc. : The British Dietetic Association, 2019</subfield>
    <subfield code="z">9781119235903</subfield>
    <subfield code="w">(DLC) 2018041076</subfield>
  </datafield>
  <datafield tag="906" ind1=" " ind2=" ">
    <subfield code="a">7</subfield>
    <subfield code="b">cbc</subfield>
    <subfield code="c">orignew</subfield>
    <subfield code="d">1</subfield>
    <subfield code="e">ecip</subfield>
    <subfield code="f">20</subfield>
    <subfield code="g">y-gencatlg</subfield>
  </datafield>
  <datafield tag="942" ind1=" " ind2=" ">
    <subfield code="2">ddc</subfield>
    <subfield code="c">BK</subfield>
  </datafield>
  <datafield tag="999" ind1=" " ind2=" ">
    <subfield code="c">614554</subfield>
    <subfield code="d">614554</subfield>
  </datafield>
  <datafield tag="952" ind1=" " ind2=" ">
    <subfield code="0">0</subfield>
    <subfield code="1">0</subfield>
    <subfield code="2">ddc</subfield>
    <subfield code="4">0</subfield>
    <subfield code="7">1</subfield>
    <subfield code="a">NSHS</subfield>
    <subfield code="b">NSHS</subfield>
    <subfield code="c">REF</subfield>
    <subfield code="d">2025-08-08</subfield>
    <subfield code="e">Allied Book Company</subfield>
    <subfield code="g">37724.00</subfield>
    <subfield code="o">R 615.854 MAN</subfield>
    <subfield code="p">NSHS-2131</subfield>
    <subfield code="r">2025-08-21</subfield>
    <subfield code="v">75448.00</subfield>
    <subfield code="w">2025-08-08</subfield>
    <subfield code="y">BK</subfield>
  </datafield>
</record>
